|
|
|
|
| LEADER |
01476nam a22003497a 4500 |
| 001 |
30534 |
| 003 |
BD-DhAAL |
| 005 |
20151118162008.0 |
| 008 |
150901s2007 bg a|||| b||| 00| 0 eng d |
| 040 |
|
|
|a BD-DhAAL
|c BD-DhAAL
|
| 082 |
|
|
|2 22
|a 307.1412095492
|
| 999 |
|
|
|c 36228
|d 36228
|
| 999 |
|
|
|c 36169
|
| 999 |
|
|
|c 35856
|
| 999 |
|
|
|c 35856
|
| 999 |
|
|
|c 35848
|
| 999 |
|
|
|c 35726
|
| 999 |
|
|
|c 35721
|
| 999 |
|
|
|c 35406
|
| 245 |
|
|
|a BRAC health program :
|b annual report 2006, breaking new grounds in public health
|
| 260 |
|
|
|a Dhaka :
|b BRAC,
|c 2007
|
| 300 |
|
|
|a 65 p. :
|b ill. ;
|c 28 cm.
|
| 541 |
|
|
|e 30534
|
| 610 |
|
|
|a BRAC
|9 14340
|
| 650 |
|
|
|a Rural Development
|z Bangladesh
|9 14341
|
| 710 |
|
|
|a BRAC
|9 14340
|
| 852 |
|
|
|a Ayesha Abed Library
|c BRAC Resource Section
|
| 942 |
|
|
|2 ddc
|c BK
|
| 952 |
|
|
|0 0
|1 0
|2 ddc
|4 0
|6 307_141209549200000_BRA
|7 0
|9 56967
|a BRACUL
|b BRACUL
|c BRS
|d 2015-11-18
|e BRAC
|l 0
|o 307.1412095492 BRA
|p 3010030534
|r 2015-11-18
|t 1
|w 2015-11-18
|y BK
|
| 952 |
|
|
|0 0
|1 0
|2 ddc
|4 0
|6 307_141209549200000_BRA
|7 0
|9 56968
|a BRACUL
|b BRACUL
|c BRS
|d 2015-11-18
|e BRAC
|l 0
|o 307.1412095492 BRA
|p 3010030535
|r 2015-11-18
|t 2
|w 2015-11-18
|y BK
|
| 952 |
|
|
|0 0
|1 0
|2 ddc
|4 0
|6 307_141209549200000_BRA
|7 0
|9 56969
|a BRACUL
|b BRACUL
|c BRS
|d 2015-11-18
|e BRAC
|l 0
|o 307.1412095492 BRA
|p 3010030536
|r 2015-11-18
|t 3
|w 2015-11-18
|y BK
|
| 952 |
|
|
|0 0
|1 0
|2 ddc
|4 0
|6 307_141209549200000_BRA
|7 0
|9 57148
|a BRACUL
|b BRACUL
|c BRS
|d 2015-12-01
|e BRAC
|l 1
|o 307.1412095492 BRA
|p 3010030695
|r 2016-02-09
|s 2016-02-08
|t 4
|w 2015-12-01
|y BK
|